Hurried Hexagon Hopping - US States Quiz Stats

 Plays Quiz Updated Apr 28, 2019

Score 0/68 Timer 01:00
2 Plays Today
% Correct
California
100%
Ohio
97.9%
South Dakota
97.9%
California
97.8%
Delaware
97.1%
Louisiana
94.5%
Ohio
94.4%
Nevada
93.6%
Nevada
93.6%
Michigan
93.1%
Michigan
93.1%
Alabama
92.7%
Alabama
92.7%
Texas
91.6%
Arizona
91.6%
Arizona
91.6%
Hawaii
90.8%
Wyoming
90.4%
Vermont
89.8%
Delaware
89.6%
Michigan
89.2%
Alabama
89%
Maine
88.9%
Maine
88.9%
Montana
88.9%
Montana
88.9%
South Dakota
88.8%
Nevada
88.5%
Arizona
87.5%
North Dakota
86.9%
North Dakota
86.9%
Utah
86.8%
Louisiana
86.7%
Pennsylvania
86.6%
% Correct
Maine
86.6%
Georgia
86.3%
Wyoming
86.3%
Rhode Island
86.1%
Kansas
86.1%
Vermont
86%
Texas
85.7%
Iowa
84.6%
Florida
83.6%
Utah
83.5%
Kansas
82.9%
Hawaii
82.9%
Pennsylvania
82.7%
Montana
82.7%
Georgia
82.2%
Iowa
81.5%
Rhode Island
80.9%
North Dakota
80.8%
Florida
77.9%
Florida
77.9%
Florida
77.9%
Florida
77.9%
Florida
77.9%
Florida
77.9%
Florida
77.9%
Florida
77.9%
Florida
77.9%
Florida
77.9%
Florida
77.9%
Florida
77.9%
Florida
77.9%
Florida
77.9%
Florida
77.9%
Florida
77.9%

You're not logged in!

Compare scores with friends on all Sporcle quizzes.
OR
Log In

Sporcle TV

Today on Sporcle TV


Watch our educational content, quiz creation guides, and fun videos on Sporcle TV.

Show Comments

Extras

Top Quizzes Today


Score Distribution

Your Account Isn't Verified!

In order to create a playlist on Sporcle, you need to verify the email address you used during registration. Go to your Sporcle Settings to finish the process.

Report this User

Report this user for behavior that violates our Community Guidelines.

Details: